[Event "Valencia Cuna op 6th"]
[Site "Valencia"]
[Date "2025.07.07"]
[Round "3"]
[White "Lehaci, Miruna Daria"]
[Black "Wang, Yanbin"]
[Result "0-1"]
[WhiteElo "2206"]
[BlackElo "2454"]
[PlyCount "96"]
[EventDate "2025.07.05"]
[EventType "swiss"]
[EventRounds "9"]
[EventCountry "ESP"]
[SourceTitle "CB28_2025"]
[SourceDate "2025.07.09"]
[SourceVersion "1"]
[SourceVersionDate "2025.07.09"]
[SourceQuality "1"]

1. e4 e5 2. Nf3 Nc6 3. Nc3 Nf6 4. Bb5 Bb4 5. 0-0 0-0 6. Bxc6 dxc6 7. d3 Nd7 8. Ne2 Re8 9. h3 Bf8 10. a4 a5 11. Nh2 Nc5 12. f4 exf4 13. Bxf4 g6 14. Qe1 Bg7 15. Qf2 Ne6 16. Bd2 f5 17. Bc3 fxe4 18. Ng4 Bxc3 19. Nxc3 Rf8 20. Qg3 exd3 21. Nh6+ Kg7 22. Ng4 Qd4+ 23. Kh1 Nf4 24. Rae1 Bxg4 25. Re7+ Kg8 26. Qxg4 dxc2 27. Re4 Qd2 28. Ne2 Nh5 29. Qe6+ Kh8 30. Rg1 Rf2 31. Qe5+ Ng7 32. Nc1 Re8 33. Qd4 Qxd4 34. Rxd4 Nf5 35. Rd3 c5 36. Rc3 Rd8 37. Rxc5 Rd1 38. Nb3 Ng3+ 39. Kh2 Ne2 40. Rh1 Rxh1+ 41. Kxh1 c1Q+ 42. Nxc1 Rf1+ 43. Kh2 Rxc1 44. Rxa5 Rc2 45. b4 Rb2 46. Re5 Nd4 47. Re8+ Kg7 48. b5 Kf6 0-1

[Event "Titled Tuesday intern op 06th May Early"]
[Site "Chess.com INT"]
[Date "2025.05.06"]
[Round "7"]
[White "Hua, Eugene"]
[Black "Wang, Yanbin"]
[Result "0-1"]
[WhiteElo "2240"]
[BlackElo "2454"]
[PlyCount "88"]
[EventDate "2025.05.06"]
[EventType "swiss (blitz)"]
[EventRounds "11"]
[EventCountry "USA"]
[SourceTitle "CB20_2025"]
[SourceDate "2025.05.14"]
[SourceVersion "1"]
[SourceVersionDate "2025.05.14"]
[SourceQuality "1"]

1. Nf3 e6 2. g3 b5 3. a4 b4 4. Bg2 Bb7 5. a5 Nf6 6. 0-0 Be7 7. c3 bxc3 8. bxc3 0-0 9. Ba3 d6 10. d3 a6 11. e4 Nc6 12. Qa4 e5 13. Nbd2 Re8 14. Rab1 Qc8 15. Nc4 Na7 16. Qb3 Rb8 17. Ng5 Rf8 18. Bh3 Qe8 19. Ne3 Nb5 20. Bb2 h6 21. Nf3 g6 22. c4 Na7 23. Qc2 c5 24. Nd5 Bd8 25. Qd2 Nc6 26. Qxh6 Nxd5 27. exd5 Nxa5 28. Ng5 Bxg5 29. Qxg5 f6 30. Qd2 Nb3 31. Qe2 Bc8 32. Bg2 a5 33. Bc3 a4 34. Qa2 Bd7 35. h4 Kg7 36. Rfe1 Qf7 37. f4 Ra8 38. fxe5 fxe5 39. Rf1 Qe7 40. Be4 Nd4 41. Bxd4 Rxf1+ 42. Kxf1 exd4 43. Rb7 Bh3+ 44. Kg1 Qxb7 0-1

[Event "Pozarevac Rudar GM-B 07"]
[Site "Pozarevac"]
[Date "2024.08.04"]
[Round "7"]
[White "Wang, Shixu B"]
[Black "Wang, Yanbin"]
[Result "1-0"]
[WhiteElo "2422"]
[BlackElo "2435"]
[PlyCount "119"]
[EventDate "2024.07.30"]
[EventType "tourn"]
[EventRounds "9"]
[EventCountry "SRB"]
[EventCategory "7"]
[SourceTitle "EXT 2025"]
[Source "ChessBase"]
[SourceDate "2024.10.14"]
[SourceVersion "1"]
[SourceVersionDate "2024.10.14"]
[SourceQuality "1"]

1. d4 Nf6 2. c4 e6 3. Nf3 d5 4. Nc3 Bb4 5. Bg5 h6 6. Bxf6 Qxf6 7. Qa4+ Nc6 8. e3 0-0 9. Be2 dxc4 10. 0-0 Bd7 11. Bxc4 Bxc3 12. bxc3 Qe7 13. Be2 e5 14. Qc2 e4 15. Nd2 Rae8 16. Rfd1 Na5 17. a4 b6 18. Bb5 f5 19. Nb3 c6 20. Bf1 Nxb3 21. Qxb3+ Be6 22. c4 Rb8 23. Qc2 Rfc8 24. Be2 Bf7 25. Rdc1 c5 26. d5 a5 27. Rcb1 Rd8 28. Rb2 Rd6 29. Rab1 Be8 30. Qc3 Bxa4 31. Ra2 Qe8 32. f3 Bd7 33. f4 Ra8 34. h3 Qg6 35. Qe5 Qf6 36. Rab2 Rb8 37. Kh2 Kf8 38. g4 a4 39. gxf5 Re8 40. Qxf6+ Rxf6 41. Bd1 Ra8 42. Ra2 Ra5 43. Bc2 b5 44. cxb5 Bxb5 45. Bxe4 a3 46. Rc1 c4 47. Bf3 Rb6 48. Rc3 Ke7 49. e4 Kd6 50. e5+ Kc5 51. Rcxa3 Rxa3 52. Rxa3 Kd4 53. d6 c3 54. Bd1 Bc6 55. e6 Rb2+ 56. Kg3 Rg2+ 57. Kh4 Rd2 58. Ba4 Kc4 59. Rxc3+ Kxc3 60. Bxc6 1-0

[Event "Pozarevac Rudar GM-B 07"]
[Site "Pozarevac"]
[Date "2024.08.03"]
[Round "5"]
[White "Stojanovic, Mihajlo"]
[Black "Wang, Yanbin"]
[Result "0-1"]
[WhiteElo "2481"]
[BlackElo "2435"]
[PlyCount "76"]
[EventDate "2024.07.30"]
[EventType "tourn"]
[EventRounds "9"]
[EventCountry "SRB"]
[EventCategory "7"]
[SourceTitle "EXT 2025"]
[Source "ChessBase"]
[SourceDate "2024.10.14"]
[SourceVersion "1"]
[SourceVersionDate "2024.10.14"]
[SourceQuality "1"]

1. d4 d5 2. c4 e6 3. Nc3 h6 4. Bf4 Nf6 5. e3 Be7 6. h3 0-0 7. Nf3 c5 8. dxc5 Bxc5 9. a3 a6 10. cxd5 exd5 11. Rc1 Ba7 12. Bd3 Nc6 13. Ne2 Ne4 14. Bxe4 dxe4 15. Nfd4 Ne5 16. Bxe5 Qa5+ 17. Rc3 Qxe5 18. 0-0 Re8 19. Qb3 Bb8 20. Ng3 Bd6 21. Rd1 Bf8 22. Nde2 b5 23. Qd5 Qxd5 24. Rxd5 Be6 25. Rd4 Bc4 26. Nc1 Rad8 27. Rxd8 Rxd8 28. Nxe4 f5 29. b3 Bxa3 30. bxc4 Rd1+ 31. Kh2 b4 32. Rd3 Rxc1 33. Nc5 Rxc4 34. Nxa6 Rc3 35. Rd8+ Kh7 36. Rb8 b3 37. Nb4 b2 38. Nd5 Rc1 0-1

[Event "Pozarevac Rudar GM-B 07"]
[Site "Pozarevac"]
[Date "2024.08.02"]
[Round "4"]
[White "Wang, Yanbin"]
[Black "Zajic, Milan"]
[Result "1/2-1/2"]
[WhiteElo "2435"]
[BlackElo "2453"]
[PlyCount "44"]
[EventDate "2024.07.30"]
[EventType "tourn"]
[EventRounds "9"]
[EventCountry "SRB"]
[EventCategory "7"]
[SourceTitle "EXT 2025"]
[Source "ChessBase"]
[SourceDate "2024.10.14"]
[SourceVersion "1"]
[SourceVersionDate "2024.10.14"]
[SourceQuality "1"]

1. e4 e5 2. Nf3 Nc6 3. Bb5 a6 4. Ba4 Nf6 5. 0-0 Be7 6. Re1 b5 7. Bb3 0-0 8. h3 Na5 9. Nxe5 Nxb3 10. axb3 Bb7 11. d3 d5 12. exd5 Qxd5 13. Nf3 Rfe8 14. Bg5 c5 15. Nc3 Qc6 16. Qc1 h6 17. Bxf6 Bxf6 18. Ne4 c4 19. bxc4 bxc4 20. Nxf6+ Qxf6 21. dxc4 Bxf3 22. gxf3 Rxe1+ 1/2-1/2

[Event "Pozarevac Rudar GM-B 07"]
[Site "Pozarevac"]
[Date "2024.08.01"]
[Round "3"]
[White "Wang, Yanbin"]
[Black "Ahmadzada, Ahmad Samir"]
[Result "1/2-1/2"]
[WhiteElo "2435"]
[BlackElo "2481"]
[PlyCount "32"]
[EventDate "2024.07.30"]
[EventType "tourn"]
[EventRounds "9"]
[EventCountry "SRB"]
[EventCategory "7"]
[SourceTitle "EXT 2025"]
[Source "ChessBase"]
[SourceDate "2024.10.14"]
[SourceVersion "1"]
[SourceVersionDate "2024.10.14"]
[SourceQuality "1"]

1. e4 e5 2. Nf3 Nc6 3. Bb5 a6 4. Ba4 Nf6 5. 0-0 Be7 6. Re1 b5 7. Bb3 0-0 8. a4 Rb8 9. axb5 axb5 10. c3 d5 11. exd5 Nxd5 12. Nxe5 Nxe5 13. Rxe5 Nf6 14. h3 Bd6 15. Re1 Bb7 16. d4 Ra8 1/2-1/2

[Event "Pozarevac Rudar GM-B 07"]
[Site "Pozarevac"]
[Date "2024.07.31"]
[Round "2"]
[White "Spasic, Petar"]
[Black "Wang, Yanbin"]
[Result "0-1"]
[WhiteElo "2356"]
[BlackElo "2435"]
[PlyCount "134"]
[EventDate "2024.07.30"]
[EventType "tourn"]
[EventRounds "9"]
[EventCountry "SRB"]
[EventCategory "7"]
[SourceTitle "EXT 2025"]
[Source "ChessBase"]
[SourceDate "2024.10.14"]
[SourceVersion "1"]
[SourceVersionDate "2024.10.14"]
[SourceQuality "1"]

1. d4 Nf6 2. Nf3 e6 3. Bf4 d5 4. e3 Bd6 5. Bg3 c5 6. Bb5+ Nc6 7. c4 0-0 8. Nc3 Ne7 9. cxd5 Nexd5 10. Bd3 cxd4 11. Nxd4 Nxc3 12. bxc3 e5 13. Nb5 Bb8 14. c4 a6 15. Nc3 Qa5 16. Qc2 e4 17. Be2 Bg4 18. Bxb8 Bxe2 19. Kxe2 Qh5+ 20. Kf1 Raxb8 21. Nxe4 Ng4 22. h3 Nxe3+ 23. fxe3 Qf5+ 24. Ke2 Rfe8 25. Rhf1 Qxe4 26. Qxe4 Rxe4 27. Rf4 Re7 28. Rb1 Rc8 29. Rd4 f6 30. Rb6 Rc5 31. a4 Kf7 32. g4 h5 33. Rb4 Rce5 34. Rb3 hxg4 35. hxg4 Ke8 36. Kf3 Rc5 37. Ke2 Rec7 38. Kd3 Ke7 39. Rb6 R5c6 40. Rb1 b6 41. Rb2 Kf7 42. Rb1 Kg6 43. Rb2 Kg5 44. Rh2 Kg6 45. Rh5 Re7 46. Rhd5 Rce6 47. e4 Rb7 48. Ke3 Rc6 49. Kf4 Rbc7 50. a5 bxa5 51. Rxa5 Kf7 52. g5 fxg5+ 53. Kxg5 Rc5+ 54. Rxc5 Rxc5+ 55. Kf4 Ke6 56. Ke3 a5 57. Kd3 a4 58. Kc3 a3 59. Kb3 Ra5 60. Ka2 g5 61. Rd8 Ke5 62. Rc8 Kxe4 63. c5 Kd4 64. c6 Kc5 65. Rc7 Kd5 66. Rc8 Kd6 67. Ka1 a2 0-1

[Event "Pozarevac Rudar GM-B 07"]
[Site "Pozarevac"]
[Date "2024.07.30"]
[Round "1"]
[White "Wang, Yanbin"]
[Black "Sahithi Varshini, M."]
[Result "1-0"]
[WhiteElo "2435"]
[BlackElo "2282"]
[PlyCount "63"]
[EventDate "2024.07.30"]
[EventType "tourn"]
[EventRounds "9"]
[EventCountry "SRB"]
[EventCategory "7"]
[SourceTitle "EXT 2025"]
[Source "ChessBase"]
[SourceDate "2024.10.14"]
[SourceVersion "1"]
[SourceVersionDate "2024.10.14"]
[SourceQuality "1"]

1. d4 d5 2. Nf3 Nf6 3. c4 c6 4. Nc3 e6 5. Bg5 h6 6. Bxf6 Qxf6 7. e3 Nd7 8. Bd3 g6 9. Qe2 Bg7 10. h4 Qe7 11. h5 g5 12. cxd5 cxd5 13. g4 a6 14. a4 0-0 15. Bc2 Rd8 16. Qd3 Kf8 17. 0-0 e5 18. Nxd5 Qd6 19. Qa3 Qxa3 20. Rxa3 exd4 21. Nxd4 Rb8 22. f4 Nc5 23. Nb6 gxf4 24. Rxf4 Be5 25. Rf1 Bxd4 26. exd4 Rxd4 27. Rc3 Rxg4+ 28. Kf2 Rb4 29. a5 Bd7 30. Rxc5 Rf4+ 31. Kg1 Rg4+ 32. Kh2 1-0

[Event "Pozarevac Rudar GM 07"]
[Site "Pozarevac"]
[Date "2024.07.23"]
[Round "2"]
[White "Wang, Yanbin"]
[Black "Kushagra, Mohan"]
[Result "1-0"]
[WhiteElo "2435"]
[BlackElo "2367"]
[PlyCount "119"]
[EventDate "2024.07.22"]
[EventType "tourn"]
[EventRounds "9"]
[EventCountry "SRB"]
[EventCategory "7"]
[SourceTitle "CBM 221 Extra"]
[Source "ChessBase"]
[SourceDate "2024.09.30"]
[SourceVersion "1"]
[SourceVersionDate "2024.09.30"]
[SourceQuality "1"]

1. e4 e5 2. Nf3 Nc6 3. Bb5 a6 4. Ba4 Nf6 5. 0-0 b5 6. Bb3 Bc5 7. c3 d6 8. d4 Bb6 9. Be3 0-0 10. Nbd2 Re8 11. h3 exd4 12. cxd4 Na5 13. Bc2 Bb7 14. Qb1 Nc4 15. Nxc4 bxc4 16. Nd2 Rb8 17. Nxc4 Bxe4 18. Bxe4 Nxe4 19. Qd3 Qd7 20. b3 Nf6 21. Rfe1 h6 22. Bd2 Ba7 23. Na5 Bb6 24. Rac1 Rxe1+ 25. Bxe1 Qb5 26. Qxb5 axb5 27. Nc6 Ra8 28. Ra1 Nd7 29. a4 bxa4 30. bxa4 Nb8 31. Nxb8 Rxb8 32. Rd1 f5 33. Kf1 Kf7 34. Bc3 g6 35. a5 Ba7 36. Ke2 Ke6 37. d5+ Kd7 38. Rd3 Re8+ 39. Kf1 Re4 40. Bd2 g5 41. g3 Ra4 42. Rf3 Bc5 43. Rxf5 Ke7 44. f4 gxf4 45. Bxf4 Rxa5 46. Bxh6 Bd4 47. Bg5+ Ke8 48. h4 c5 49. Bf6 Bxf6 50. Rxf6 Ke7 51. Re6+ Kd7 52. Re4 Ra3 53. Kg2 Rd3 54. h5 Rxd5 55. h6 Rf5 56. g4 Rf8 57. g5 d5 58. Rg4 d4 59. g6 d3 60. g7 1-0

[Event "Belgrade Serbia op"]
[Site "Belgrade"]
[Date "2024.07.16"]
[Round "5"]
[White "Wang, Yanbin"]
[Black "Heinemann, Josefine"]
[Result "1-0"]
[WhiteElo "2435"]
[BlackElo "2279"]
[PlyCount "79"]
[EventDate "2024.07.12"]
[EventType "swiss"]
[EventRounds "9"]
[EventCountry "SRB"]
[SourceTitle "CBM 221 Extra"]
[Source "ChessBase"]
[SourceDate "2024.09.30"]
[SourceVersion "1"]
[SourceVersionDate "2024.09.30"]
[SourceQuality "1"]

1. e4 e5 2. Nf3 Nc6 3. Bb5 a6 4. Ba4 Nf6 5. 0-0 Be7 6. Re1 b5 7. Bb3 0-0 8. a4 b4 9. d4 d6 10. dxe5 dxe5 11. Nbd2 Bc5 12. a5 Qd6 13. Qe2 Bg4 14. c3 bxc3 15. bxc3 Nh5 16. Qf1 Qg6 17. Kh1 Nf4 18. Ba4 Rfe8 19. h3 Bd7 20. Nb3 Bd6 21. Bxf4 exf4 22. e5 Bf8 23. Rad1 Bc8 24. Qc4 Bb7 25. Qxf4 Red8 26. e6 Rxd1 27. Qxf7+ Qxf7 28. exf7+ Kxf7 29. Rxd1 Rd8 30. Rb1 Bd6 31. Ng5+ Kg6 32. Ne6 Rb8 33. Nec5 Bc8 34. Bxc6 Bxc5 35. Be4+ Bf5 36. Nxc5 Rxb1+ 37. Bxb1 Bxb1 38. Nxa6 Kf6 39. Nxc7 Ke7 40. a6 1-0

[Event "Belgrade Serbia op"]
[Site "Belgrade"]
[Date "2024.07.15"]
[Round "4"]
[White "Phatak, Aanjaneya"]
[Black "Wang, Yanbin"]
[Result "0-1"]
[WhiteElo "2189"]
[BlackElo "2435"]
[PlyCount "82"]
[EventDate "2024.07.12"]
[EventType "swiss"]
[EventRounds "9"]
[EventCountry "SRB"]
[SourceTitle "CBM 221 Extra"]
[Source "ChessBase"]
[SourceDate "2024.09.30"]
[SourceVersion "1"]
[SourceVersionDate "2024.09.30"]
[SourceQuality "1"]

1. e4 e5 2. Nf3 Nc6 3. Bb5 a6 4. Ba4 Nf6 5. 0-0 Be7 6. Re1 b5 7. Bb3 0-0 8. a4 b4 9. d4 d6 10. dxe5 dxe5 11. Nbd2 Bc5 12. Qe2 Bg4 13. h3 Bh5 14. g4 Bg6 15. a5 Nd4 16. Qc4 Nd7 17. Ba4 Ba7 18. Qxb4 Nc5 19. Qc4 Nxe4 20. Rxe4 Bxe4 21. Nxd4 Bd5 22. Nc6 Qh4 23. Qe2 Qg3+ 24. Kf1 Qg2+ 25. Ke1 Bxc6 26. Bxc6 Qxc6 27. Ne4 f5 28. gxf5 Rxf5 29. Ra3 Bd4 30. Rg3 Raf8 31. f3 Qa4 32. c3 Ba7 33. Qd2 R5f7 34. Qd5 Kh8 35. Bd2 Rd7 36. Qe6 Rfd8 37. Qxe5 Qc2 38. Kf1 Qd3+ 39. Ke1 Qb1+ 40. Ke2 Rxd2+ 41. Nxd2 Qd3+ 0-1

[Event "Belgrade Serbia op"]
[Site "Belgrade"]
[Date "2024.07.13"]
[Round "2"]
[White "Xi, Qi"]
[Black "Wang, Yanbin"]
[Result "1/2-1/2"]
[WhiteElo "2209"]
[BlackElo "2435"]
[PlyCount "53"]
[EventDate "2024.07.12"]
[EventType "swiss"]
[EventRounds "9"]
[EventCountry "SRB"]
[SourceTitle "CBM 221 Extra"]
[Source "ChessBase"]
[SourceDate "2024.09.30"]
[SourceVersion "1"]
[SourceVersionDate "2024.09.30"]
[SourceQuality "1"]

1. d4 Nf6 2. c4 e6 3. Nf3 d5 4. Nc3 Bb4 5. Qa4+ Nc6 6. e3 0-0 7. Bd2 dxc4 8. Bxc4 Bd6 9. Qc2 e5 10. dxe5 Nxe5 11. Nxe5 Bxe5 12. f4 Bxc3 13. Bxc3 Ng4 14. Bd4 c5 15. Bxc5 Re8 16. 0-0 Nxe3 17. Bxe3 Rxe3 18. Rfe1 Qb6 19. Qf2 Rxe1+ 20. Rxe1 Qxf2+ 21. Kxf2 Kf8 22. Bd5 Bf5 23. Re5 g6 24. b3 Rb8 25. Bf3 b6 26. g4 Bd7 27. Rd5 1/2-1/2

[Event "Dubai op-A 24th"]
[Site "Dubai"]
[Date "2024.05.31"]
[Round "7"]
[White "Wang, Yanbin"]
[Black "Zhu, Jiner"]
[Result "1/2-1/2"]
[WhiteElo "2415"]
[BlackElo "2476"]
[PlyCount "87"]
[EventDate "2024.05.25"]
[EventType "swiss"]
[EventRounds "9"]
[EventCountry "UAE"]
[SourceTitle "CBM 220 Extra"]
[Source "ChessBase"]
[SourceDate "2024.07.31"]
[SourceVersion "1"]
[SourceVersionDate "2024.07.31"]
[SourceQuality "1"]

1. Nf3 Nf6 2. c4 e6 3. Nc3 d5 4. e3 Be7 5. d4 0-0 6. Bd3 dxc4 7. Bxc4 a6 8. Bd3 b5 9. Ne4 Nbd7 10. Bd2 c5 11. dxc5 Nxc5 12. Nxc5 Bxc5 13. Qe2 Bb7 14. e4 e5 15. 0-0 Qe7 16. a3 Rfd8 17. Bc3 Nd7 18. b4 Bd6 19. Qe3 Rac8 20. Rac1 Bc7 21. Rfd1 Bb6 22. Qe2 f6 23. a4 Nf8 24. axb5 axb5 25. Be1 Rxc1 26. Rxc1 Ne6 27. Bxb5 Nf4 28. Qc4+ Kh8 29. g3 Nd3 30. Rd1 Nxe1 31. Rxd8+ Qxd8 32. Nxe1 f5 33. Qe6 Bxe4 34. Bd3 Bd4 35. Bxe4 fxe4 36. Nc2 h6 37. Qg4 Qa8 38. Qd7 Bb6 39. Qd6 Qc8 40. Qxb6 Qxc2 41. Qd6 Kh7 42. h3 e3 43. fxe3 Qe2 44. Qxe5 1/2-1/2

[Event "Dubai op-A 24th"]
[Site "Dubai"]
[Date "2024.05.26"]
[Round "2"]
[White "Can, Emre"]
[Black "Wang, Yanbin"]
[Result "1-0"]
[WhiteElo "2549"]
[BlackElo "2415"]
[PlyCount "217"]
[EventDate "2024.05.25"]
[EventType "swiss"]
[EventRounds "9"]
[EventCountry "UAE"]
[SourceTitle "CBM 220 Extra"]
[Source "ChessBase"]
[SourceDate "2024.07.31"]
[SourceVersion "1"]
[SourceVersionDate "2024.07.31"]
[SourceQuality "1"]

1. e4 c6 2. d4 d5 3. e5 Bf5 4. h4 h5 5. Bd3 Bxd3 6. Qxd3 e6 7. Bg5 Qb6 8. Nd2 c5 9. c4 Nc6 10. Ngf3 Nh6 11. 0-0 cxd4 12. cxd5 Nb4 13. Qc4 exd5 14. Qb3 a5 15. a3 a4 16. axb4 axb3 17. Rxa8+ Kd7 18. Nxb3 Rg8 19. Rd8+ Qxd8 20. Bxd8 Kxd8 21. Rd1 Kd7 22. Nfxd4 Bxb4 23. Nc2 Be7 24. Rxd5+ Kc6 25. Rd4 Ng4 26. Rc4+ Kb6 27. e6 fxe6 28. Re4 Ka7 29. f3 Nh6 30. Ncd4 Rd8 31. Nxe6 Rd1+ 32. Kh2 Nf5 33. Nbd4 Nxd4 34. Nxd4 Bf6 35. Nb5+ Kb6 36. Nc3 Rd3 37. Rb4+ Kc6 38. Rc4+ Kd7 39. Ne4 Be5+ 40. Kh3 b6 41. Nc3 Rd2 42. Re4 Kd6 43. Nb5+ Kd5 44. Nc3+ Kd6 45. Nb5+ Kd5 46. Na3 Rd1 47. g3 Bxb2 48. Nc2 Kc6 49. Rc4+ Kb7 50. Rb4 Bf6 51. Ne3 Rd3 52. Nc4 Bd4 53. Nd6+ Kc6 54. Nf5 Bc5 55. Re4 Rd7 56. Re6+ Kd5 57. Rg6 b5 58. Nxg7 b4 59. Nxh5 Kc4 60. Nf6 Rd4 61. Ne4 b3 62. Nxc5 Kxc5 63. Re6 Rd1 64. Re2 Kc4 65. h5 Kc3 66. Kg4 Rd2 67. Rxd2 Kxd2 68. h6 b2 69. h7 b1Q 70. h8Q Qg6+ 71. Kh4 Ke2 72. Qh5 Qf6+ 73. Kh3 Kf2 74. f4 Qc3 75. Qg6 Kf3 76. Qg4+ Kf2 77. f5 Qf6 78. Qf4+ Ke2 79. Kg4 Qg7+ 80. Qg5 Qd4+ 81. Kh3 Qd5 82. Qg4+ Kf2 83. Qf4+ Kg1 84. Kh4 Qf7 85. Qe3+ Kg2 86. Qe2+ Kg1 87. Qe6 Qh7+ 88. Kg5 Qg7+ 89. Kf4 Qc7+ 90. Kg4 Qg7+ 91. Kf3 Qb7+ 92. Qe4 Qb2 93. Qe2 Qb7+ 94. Kf4 Qc7+ 95. Qe5 Qc4+ 96. Kf3 Qf1+ 97. Kg4 Qc4+ 98. Kh3 Qf1+ 99. Kh4 Kg2 100. Qe4+ Kh2 101. g4 Qa1 102. Qf4+ Kg2 103. Qg3+ Kh1 104. Qf3+ Kh2 105. f6 Qe1+ 106. Kh5 Qe8+ 107. f7 Qf8 108. g5 Kg1 109. Qe3+ 1-0

[Event "Sharjah Challengers 7th"]
[Site "Sharjah"]
[Date "2024.05.20"]
[Round "7"]
[White "Kanyamarala, Tarun"]
[Black "Wang, Yanbin"]
[Result "0-1"]
[WhiteElo "2302"]
[BlackElo "2415"]
[PlyCount "56"]
[EventDate "2024.05.14"]
[EventType "swiss"]
[EventRounds "9"]
[EventCountry "UAE"]
[SourceTitle "CBM 220 Extra"]
[Source "ChessBase"]
[SourceDate "2024.07.31"]
[SourceVersion "1"]
[SourceVersionDate "2024.07.31"]
[SourceQuality "1"]

1. d4 f5 2. Nc3 Nf6 3. Bf4 e6 4. g4 Bb4 5. gxf5 exf5 6. Qd3 Ne4 7. Nf3 d5 8. Rg1 Qe7 9. Nd2 Bxc3 10. bxc3 0-0 11. Nxe4 fxe4 12. Qg3 Rf7 13. Rb1 b6 14. e3 Ba6 15. Qg5 Bxf1 16. Kxf1 Qd7 17. c4 dxc4 18. Rb5 c5 19. Qg4 cxd4 20. Qh5 Nc6 21. Rd5 Qe8 22. Rg4 d3 23. cxd3 c3 24. Rh4 g6 25. Qd1 Nb4 26. Re5 Qd8 27. Rxe4 c2 28. Qd2 Qxd3+ 0-1

[Event "CHN-chTB"]
[Site "Hefei"]
[Date "2023.04.21"]
[Round "8"]
[White "Wu, Wenda"]
[Black "Wang, Yanbin"]
[Result "0-1"]
[WhiteElo "1700"]
[BlackElo "2453"]
[PlyCount "84"]
[EventDate "2023.04.17"]
[EventType "team-swiss"]
[EventRounds "9"]
[EventCountry "CHN"]
[SourceTitle "EXT 2024"]
[Source "ChessBase"]
[SourceDate "2023.10.10"]
[SourceVersion "1"]
[SourceVersionDate "2023.10.10"]
[SourceQuality "1"]
[WhiteTeam "Ningbo National Fitness"]
[BlackTeam "Shenzhen Qiyu"]
[WhiteTeamCountry "CHN"]
[BlackTeamCountry "CHN"]

1. d4 Nf6 2. Nf3 d5 3. Bg5 c5 4. e3 Nc6 5. c3 Ne4 6. Bf4 Qb6 7. Qb3 c4 8. Qc2 h6 9. Nbd2 Bf5 10. Qc1 e6 11. Nxe4 Bxe4 12. Nd2 Bh7 13. b3 Qa5 14. a4 cxb3 15. Nxb3 Qb6 16. Qb2 a5 17. Bb5 Be7 18. 0-0 0-0 19. Rfc1 Na7 20. Be2 Rac8 21. Qa2 Nc6 22. Nd2 Qd8 23. Qb3 Bd6 24. Bxd6 Qxd6 25. c4 Nb4 26. c5 Qe7 27. f4 b6 28. cxb6 Bc2 29. Qa3 Qb7 30. Bd1 Qxb6 31. Be2 Rc7 32. Qb2 Rfc8 33. Ra3 g5 34. g3 Qa7 35. Nb3 Bxb3 36. Rxc7 Rxc7 37. Qxb3 Rc1+ 38. Kf2 Qc7 39. Bd3 Rh1 40. Kf3 Qc1 41. Qc3 Qd1+ 42. Kg2 g4 0-1

[Event "CHN-chTB"]
[Site "Hefei"]
[Date "2023.04.20"]
[Round "6"]
[White "Zhang, Zhi"]
[Black "Wang, Yanbin"]
[Result "0-1"]
[WhiteElo "1626"]
[BlackElo "2453"]
[PlyCount "70"]
[EventDate "2023.04.17"]
[EventType "team-swiss"]
[EventRounds "9"]
[EventCountry "CHN"]
[SourceTitle "EXT 2024"]
[Source "ChessBase"]
[SourceDate "2023.10.10"]
[SourceVersion "1"]
[SourceVersionDate "2023.10.10"]
[SourceQuality "1"]
[WhiteTeam "Beijing"]
[BlackTeam "Shenzhen Qiyu"]
[WhiteTeamCountry "CHN"]
[BlackTeamCountry "CHN"]

1. Nf3 d5 2. d4 Nf6 3. c4 c6 4. Nc3 e6 5. cxd5 exd5 6. Bf4 Bd6 7. Bxd6 Qxd6 8. e3 0-0 9. Bd3 Bg4 10. a3 Nbd7 11. h3 Bh5 12. Qc2 Bxf3 13. gxf3 g6 14. Na4 b5 15. Nc5 Nxc5 16. Qxc5 Qe6 17. Rc1 Rfc8 18. Qc3 Nd7 19. Ke2 a5 20. h4 Qd6 21. b4 axb4 22. axb4 Nb6 23. Qc5 Qd8 24. Ra1 Na4 25. Qc2 Qe7 26. Qb3 Nb6 27. h5 Nc4 28. hxg6 hxg6 29. Rhg1 Kg7 30. Bc2 Qd6 31. Qc3 Re8 32. Bb3 Rxe3+ 33. fxe3 Qh2+ 34. Kd3 Rxa1 35. Rxa1 Nb2+ 0-1

[Event "CHN-chTB"]
[Site "Hefei"]
[Date "2023.04.19"]
[Round "5"]
[White "Wang, Yanbin"]
[Black "Hu, Zehua"]
[Result "1-0"]
[WhiteElo "2453"]
[BlackElo "1992"]
[PlyCount "79"]
[EventDate "2023.04.17"]
[EventType "team-swiss"]
[EventRounds "9"]
[EventCountry "CHN"]
[SourceTitle "EXT 2024"]
[Source "ChessBase"]
[SourceDate "2023.10.10"]
[SourceVersion "1"]
[SourceVersionDate "2023.10.10"]
[SourceQuality "1"]
[WhiteTeam "Shenzhen Qiyu"]
[BlackTeam "Tianjin Yipin"]
[WhiteTeamCountry "CHN"]
[BlackTeamCountry "CHN"]

1. Nf3 Nf6 2. c4 e6 3. Nc3 b6 4. e4 Bb7 5. Qe2 d6 6. d4 Be7 7. Qc2 Nbd7 8. Be2 0-0 9. d5 exd5 10. cxd5 c6 11. dxc6 Bxc6 12. Nd4 Bb7 13. 0-0 Rc8 14. Bd3 d5 15. exd5 Ne5 16. Nf5 Nxd5 17. Nxd5 Rxc2 18. Ndxe7+ Kh8 19. Bxc2 g6 20. Bh6 gxf5 21. Bxf8 Qxf8 22. Nxf5 Qg8 23. Ng3 h5 24. Rfe1 Qg5 25. h4 Qf4 26. Rad1 Bf3 27. gxf3 Nxf3+ 28. Kg2 Nxh4+ 29. Kf1 Qc4+ 30. Bd3 Qg4 31. Be4 f5 32. Rd8+ Kg7 33. Bd5 Qh3+ 34. Kg1 Ng6 35. Rd7+ Kh6 36. Re6 f4 37. Rdd6 fxg3 38. Rxg6+ Kh7 39. Rxg3 Qf5 40. Bg8+ 1-0

[Event "China zt 3.5"]
[Site "Shenzhen"]
[Date "2023.04.10"]
[Round "6"]
[White "Meng, Yihan"]
[Black "Wang, Yanbin"]
[Result "1-0"]
[WhiteElo "1896"]
[BlackElo "2453"]
[PlyCount "157"]
[EventDate "2023.04.05"]
[EventType "swiss"]
[EventRounds "9"]
[EventCountry "CHN"]
[SourceTitle "CBM 213 Extra"]
[Source "ChessBase"]
[SourceDate "2023.05.31"]
[SourceVersion "1"]
[SourceVersionDate "2023.05.31"]
[SourceQuality "1"]

1. e4 c6 2. d4 d5 3. exd5 cxd5 4. Bd3 Nc6 5. c3 Nf6 6. Bf4 Bg4 7. Qb3 Qb6 8. Qxb6 axb6 9. Nd2 e6 10. Ngf3 Nd7 11. 0-0 Be7 12. Rfe1 Bxf3 13. Nxf3 0-0 14. Ne5 Ndxe5 15. Bxe5 Rfc8 16. Bf4 Na5 17. Bb5 h6 18. Reb1 Ra7 19. Re1 Kh7 20. g4 Nc4 21. Re2 g5 22. Bg3 Ra5 23. a4 Raa8 24. Rf1 Nd6 25. Bxd6 Bxd6 26. Kg2 h5 27. h3 Kg7 28. Rh1 Bf4 29. Ree1 Rh8 30. Ra1 Kf6 31. Be2 h4 32. Bb5 Rhc8 33. Rhe1 Ke7 34. Re2 Kd6 35. Rd1 Rc7 36. Ree1 Rac8 37. Re2 Rd8 38. Ra1 f6 39. a5 bxa5 40. Rxa5 e5 41. Bd3 b6 42. Ra6 Rb8 43. Re1 Kd7 44. dxe5 fxe5 45. Rd1 Kc6 46. c4 dxc4 47. Bxc4 Kc5 48. Be6 Re7 49. Bf5 e4 50. Ra3 b5 51. Rc3+ Kb6 52. Rd5 Rc7 53. Rxb5+ Kxb5 54. Rb3+ Ka6 55. Rxb8 e3 56. fxe3 Bxe3 57. Kf3 Bf4 58. Rb4 Bc1 59. Ke4 Ka7 60. Kd5 Rb7 61. Ra4+ Kb8 62. b4 Kc7 63. Bd3 Be3 64. b5 Rb8 65. Rc4+ Kb7 66. Re4 Rd8+ 67. Kc4 Rc8+ 68. Kb3 Bf4 69. Re6 Kc7 70. b6+ Kd7 71. Bf5 Re8 72. Re4+ Kd8 73. Rd4+ Ke7 74. b7 Kf6 75. Rxf4 gxf4 76. Bc8 Re3+ 77. Kc4 Re4+ 78. Kc5 Re5+ 79. Kc6 1-0